Priemysel zdravia prosperuje
Obrat a zisky najväčších svetových farmaceutických spoločností rastú ročne v priemere o desať percent. Najväčší svetoví výrobcovia liekov. Priemerné ceny jedného balenia lieku. Prehľad spoločností, ktoré pripravujú nové génové lieky. Marketingové a predajné spôsobilosti farmaceutických európskych sp...
Na minha lista:
| Autor principal: | |
|---|---|
| Outros Autores: | |
| Formato: | Capítulo de Livro |
| Idioma: | eslovaco |
| Assuntos: | |
| Tags: |
Sem tags, seja o primeiro a adicionar uma tag!
|
MARC
| LEADER | 00000naa a2200000 4500 | ||
|---|---|---|---|
| 001 | r044296 | ||
| 005 | 20230920074029.2 | ||
| 041 | 0 | |a slo | |
| 044 | |a SK | ||
| 245 | 1 | 0 | |a Priemysel zdravia prosperuje |c Alexander Sotník, Dagmar Krištofičová |
| 520 | |a Obrat a zisky najväčších svetových farmaceutických spoločností rastú ročne v priemere o desať percent. Najväčší svetoví výrobcovia liekov. Priemerné ceny jedného balenia lieku. Prehľad spoločností, ktoré pripravujú nové génové lieky. Marketingové a predajné spôsobilosti farmaceutických európskych spoločností. Zaujímavosti z farmácie. Informácie o slovenských farmaceutických spoločnostiach. | ||
| 610 | 2 | 0 | |a priemysel farmaceutický |
| 610 | 2 | 0 | |a lekárstvo |
| 610 | 2 | 0 | |a liečivá |
| 610 | 2 | 0 | |a lekárnici |
| 610 | 2 | 0 | |a obrat obchodný |
| 610 | 2 | 0 | |a Európska únia |
| 610 | 2 | 0 | |a Slovensko |
| 100 | 1 | |a Sotník, Alexander | |
| 700 | 1 | |a Krištofičová, Dagmar | |